Sổ tay kỹ thuật thiết kế Visual Basic 4.0 20 ứng dụng mẫu

Сохранить в:
Библиографические подробности
Главный автор: Đàm Văn Chương
Формат:
Язык:Undetermined
Опубликовано: Hà Nội Thống Kê 1998
Предметы:
Метки: Добавить метку
Нет меток, Требуется 1-ая метка записи!
Thư viện lưu trữ: Trung tâm Học liệu Trường Đại học Cần Thơ
LEADER 00589nam a2200181Ia 4500
001 CTU_28326
008 210402s9999 xx 000 0 und d
082 |a 005.12 
082 |b Ch561 
100 |a Đàm Văn Chương 
245 0 |a Sổ tay kỹ thuật thiết kế Visual Basic 4.0 
245 0 |b 20 ứng dụng mẫu 
245 0 |c Đàm Văn Chương 
260 |a Hà Nội 
260 |b Thống Kê 
260 |c 1998 
650 |a BASIC ( computer programs ),programming ( electronic computers ) 
980 |a Trung tâm Học liệu Trường Đại học Cần Thơ